XV. socha piešťanských parkov výstava venovaná 65. výročiu VOSR : keramika : júl-september 1982, Kúpeľný ostrov Piešťany

Bibliographic Details
Corporate Author: Socha piešťanských parkov Piešťany, Slovensko
Other Authors: Bezák, František (Photographer)
Format: Conference Proceeding Book
Language:Slovak
PhysicalDescription:[44] s. fotogr. 22 cm
Published: Piešťany Kultúrne a spoločenské stredisko 1982
Edition:[1. vyd.]
Subjects:

MARC

LEADER 00000nam a2200000 a 4500
001 vtls010457771
003 SK-MaSNL
005 20260301174019.0
008 180815s1982 xo o f c 000 0 slo
020 |q (brož.) 
040 |a SNK  |b slo  |c SNK  |e AACR2 
041 0 |a slo 
044 |a xo  |c SK 
072 7 |a 72/76  |x Výtvarné umenie  |2 konspekt 
080 |a 72/76(437.6)  |2 2001 
080 |a 72/76(437.3)  |2 2001 
080 |a 738  |2 2001 
080 |a 730  |2 2001 
080 |a (083.824)  |2 2001 
111 2 |a Socha piešťanských parkov  |n (15. :  |d 1982 :  |c Piešťany, Slovensko)  |9 154857 
245 1 0 |a XV. socha piešťanských parkov  |b výstava venovaná 65. výročiu VOSR : keramika : júl-september 1982, Kúpeľný ostrov Piešťany  |c [fotografie František Bezák] 
246 3 0 |a Socha piešťanských parkov 
246 3 0 |a Keramika 
246 3 |a Pätnásť - socha piešťanských parkov 
250 |a [1. vyd.] 
260 |a Piešťany  |b Kultúrne a spoločenské stredisko  |c 1982 
300 |a [44] s.  |b fotogr.  |c 22 cm 
500 |a Názov z obalu 
650 0 7 |a slovenské výtvarné umenie  |2 SNKPH  |9 68597 
650 0 7 |a české výtvarné umenie  |2 SNKPH  |9 68920 
650 0 7 |a keramika  |2 SNKPH  |9 3061 
650 0 7 |a sochárstvo  |2 SNKPH  |9 1038 
655 7 |a katalógy výstav  |2 SNKPH  |9 70445 
700 1 |a Bezák, František  |4 pht  |9 545741 
958 |a OND 
999 |c 838413  |d 840343 
952 |a SNK  |b SNK  |y PREZ  |7 0  |p 17A0879246  |o snkOSC 26211  |i snk2012/20015  |8 0  |0 0  |1 0  |4 0  |d 2012-10-09  |l 0  |r 2026-02-24 04:01:22  |w 2026-02-24